000 04673nam a22004817a 4500
005 20101004121758.0
010 _aHIN-90739 B-433670-685
020 _c245.00
_a8170163412
035 _aHN-63085
035 _aB-433670-685
037 _bDBAD / PUB
037 _bबल्यू बैरी
082 _a
100 _aशर्मा, नासिरा
_929914
245 _aठीकरे की मंगनी /
_cनासिरा शर्मा
246 _aTheekre ki mangni
_bby Nasira Sharma
260 _aनयी दिल्ली
_bकिताबघर प्रकाशन
_c2010
270 _a4855-56/24, अंसारी रोड़, दरियागंज
_bनयी दिल्ली
_e110002
300 _a199पृ.
_c22सेमी (सजिल्द)
650 _aहिन्दी कथा साहित्य
_9657
650 _aHindi Novel
_929915
700 _922273
700 _922352
942 _2ddc
_cHN
_h
_mशर्माना
999 _c48132
_d48132